000 nam a22 a 4500
999 _c151659
_d151659
003 BLK
005 20211102111604.0
008 180410b bul|||||r ||||||| ||bul||
010 _aKNG00158064000
040 _aBLK
041 _aBUL
_cBUL
080 _aСелското стопанство като стопански отрасъл. Икономика на селското стопанство
_b338.43
_z338.43
100 1 _aБрадистилов, Добри Стоев
_eпърви автор
_9329720
139 _aБрадистилов, Добри Стоев
_bБ 75
245 1 0 _aНякои проблеми на крайградското селско стопанство
_bПо материали за Димитровския минен басейн
_cДобри Стоев Брадистилов.
257 _aBGR
260 _bЗемиздат
_c1957
_aСофия
300 _a124 с.
_bс табл.
_c22 см
380 _a3
500 _aИзд. на БАН, Икон. инст. - 1 060 тир.
650 4 _aСелско стопанство - България - икономика
_9273301
653 _aикономика
653 _aселско стопанство
852 _aЦб 6495
_bЦб
942 _cKNG
_n0
_s1
944 _aCR
_c17.03.2014
_l17.03.2014 - от С1,Р / 17.03.2014
_kГрета_Цуфелде
944 _aED
_c2021-11-02
_l2021-11-02